Zdroje mikroorganizmov vo včeľom mede

Podrobná bibliografia
Hlavní autori: Sudzina, Marián (Autor), Sudzinová, Janka (Autor), Kačániová, Miroslava, 1971- (Autor)
Médium: Článok
Jazyk:slovenčina
ISSN:1335-440X
Predmet:

MARC

LEADER 00000nab a2200000 ar4500
001 vtls008959647
003 SK-MaSNL
005 20260304165115.0
008 070328c20070309xo |||||||||||000 b|slo
015 |a SNBRB2007/03  |2 snkbucl 
038 |a SNKBUCL 
040 |a SNKBUCL  |b slo  |c SNKBUCL  |e AACR2 
041 0 |a slo 
044 |a xo  |c SK 
080 |a 638.16  |2 1997 
080 |a 613.2  |2 1997 
080 |a 579.67  |2 1997 
100 1 |a Sudzina, Marián  |4 aut  |9 443585 
245 1 0 |a Zdroje mikroorganizmov vo včeľom mede  |c Marián Sudzina, Janka Sudzinová, Miroslava Kačániová 
650 0 7 |a med  |2 snkbucl 
650 0 7 |a mikroorganizmy  |2 snkbucl  |9 15780 
700 1 |a Sudzinová, Janka  |4 aut  |9 303347 
700 1 |a Kačániová, Miroslava,  |d 1971-  |4 aut  |9 188038 
773 0 |t Sme. Roľnícke noviny  |g Č. 57 (9.3.2007)  |x 1335-440X 
773 0 8 |i Príl.:  |t Roľnícke noviny  |g Č. 10 (9.3.2007), s. 12 
852 |a SNK  |b KIS3GCP 
999 |c 2982991  |d 2984921